• 首页
  • 本馆介绍
  • 公告通知
  • 最新文献
  • 馆藏检索
  • 电子资源
  • 读者荐购
  • 参考咨询
  • CALIS
  • 我的图书馆
  • 登录
  • 详细信息显示
  • 放入我的书架
  • 预约/预借图书
  • 作者相关作品
  • 分类相关作品
  • 丛书相关作品
  • 出版社相关作品

书目信息

  • 表格格式
  • 工作单格式
  • 卡片格式
题名:
大数据解码商业地产
    
 
作者: 吴增胜 著
分册:  
出版信息: 北京   知识产权出版社  2019.11
页数: xiii, 449页
开本: 26cm
丛书名:
单 册:
中图分类: F293.35-39
科图分类:
主题词: 数据处理--shu ju chu li--应用--城市商业--房地产开发--运营管理
电子资源:
ISBN: 978-7-5130-2760-1
 
 
 
 
 
000 01093nam0 2200229 450
001 0100028504
005 20211025120159.0
010    @a978-7-5130-2760-1@dCNY98.00
100    @a20200323d2019 em y0chiy50 ea
101 0  @achi
102    @aCN@b110000
105    @ak z 000yy
106    @ar
200 1  @a大数据解码商业地产@Ada shu ju jie ma shang ye di chan@f吴增胜著
210    @a北京@c知识产权出版社@d2019.11
215    @axiii, 449页@d26cm
330    @a本书作者凭借多年的房地产开发经营管理经验, 利用计算机技术, 对商业地产各开发环节进行大数据分析, 形成“敏感算法决策模型”。在商业地产全生命周期时间轴的管理上, 利用“敏感算法决策模型”进行多维度的数据分析, 便能自动生成商业地产项目的营利能力、偿债能力、商业运营能力等关键指标及其敏感性因素之间的相关关系, 得以实现“大数据”的核心价值 —— “预测”功能, 为实现商业地产开发经营多维度决策分析、全生命周期管理提供决策依据。
606 0  @a数据处理@Ashu ju chu li@x应用@x城市商业@x房地产开发@x运营管理
690    @aF293.35-39@v5
701  0 @a吴增胜@Awu zeng sheng@4著
801  0 @aCN@c20210909
905    @a河南城建学院图书馆@dF293.35-39@eW926
    
    大数据解码商业地产/吴增胜著.-北京:知识产权出版社,2019.11
    xiii, 449页;26cm
    
    
    ISBN 978-7-5130-2760-1:CNY98.00
    本书作者凭借多年的房地产开发经营管理经验, 利用计算机技术, 对商业地产各开发环节进行大数据分析, 形成“敏感算法决策模型”。在商业地产全生命周期时间轴的管理上, 利用“敏感算法决策模型”进行多维度的数据分析, 便能自动生成商业地产项目的营利能力、偿债能力、商业运营能力等关键指标及其敏感性因素之间的相关关系, 得以实现“大数据”的核心价值 —— “预测”功能, 为实现商业地产开发经营多维度决策分析、全生命周期管理提供决策依据。
●
相关链接 在E读中查询图书 在当当中查询图书 在豆瓣中查询图书


正题名:大数据解码商业地产     索取号:F293.35-39/W926         预约/预借

序号 登录号 条形码 馆藏地/架位号 状态 备注
1 1545481   215454817   社科库409/409社科库 113排1列5层/ [索取号:F293.35-39/W926] 在馆    
2 1545482   215454826   社科库409/409社科库 113排1列5层/ [索取号:F293.35-39/W926] 在馆    
河南城建学院图书馆 欢迎您!
大连网信软件有限公司© 版权所有